000 00944nam a22003017a 4500
001 BR0806999
003 BR-BrBNA
005 20230928102800.0
007 ta
008 230509b bl.||||| |||| 00| 0 por d
040 _aBR-BrBNA
_bpor
_cBiblioteca Nacional de Agricultura
041 _a(Por)
072 _aF04
_b0120
_b3820
090 _ 0120 BR0806999
100 1 _aHurtado, S.M.C.
110 1 _aUniversidade Federal de Lavras, MG (Brasil)
_0Tese (Doutorado)
245 1 _aUso do clorofolômetro e de agricultura de precisão no manejo da adubação nitrogenada do milho
260 3 _aLavras, MG (Brasil):
_c2008.
300 _a92 p.
500 _aSummaries (Eng, Por); Several bibliography; 12 illus.; 9 tables
650 _aMILHO
650 _aAGRICULTURA DE PRECISÃO
650 _aFERTILIZANTE NITROGENADO
650 _aRESPOSTA DA PLANTA
650 _aRENDIMENTO
909 _a202309
_bLucia
_c55
_dLucia Elande
942 _cBK
999 _c72430
_d72430